[Event "European Women's Championship"]
[Site "Vysoke Tatry"]
[Date "2018.04.11"]
[Round "4"]
[White "Prudnykova, Olga"]
[Black "Okuyaz, Duru"]
[Result "1-0"]
[Board "57"]
[WhiteElo "2281"]
[WhiteTitle "WIM"]
[WhiteCountry "UKR"]
[WhiteFideId "14121093"]
[WhiteEloChange "6"]
[BlackElo "2122"]
[BlackTitle "WFM"]
[BlackCountry "TUR"]
[BlackFideId "6346022"]
[BlackEloChange "-6"]

1. e4 {[%clk 1:30:57]} e6 {[%clk 1:30:52]} 2. d4 {[%clk 1:31:19]} d5 {[%clk
1:31:17]} 3. Nd2 {[%clk 1:31:44]} a6 {[%clk 1:31:42]} 4. Ngf3 {[%clk 1:31:39]} c5
{[%clk 1:32:03]} 5. c3 {[%clk 1:31:42]} Nc6 {[%clk 1:31:37]} 6. Bd3 {[%clk
1:31:34]} cxd4 {[%clk 1:30:30]} 7. cxd4 {[%clk 1:31:57]} dxe4 {[%clk 1:29:27]} 8.
Nxe4 {[%clk 1:32:18]} Bb4+ {[%clk 1:29:03]} 9. Nc3 {[%clk 1:32:36]} Nf6 {[%clk
1:28:18]} 10. O-O {[%clk 1:32:49]} h6 {[%clk 1:27:30]} 11. Bc2 {[%clk 1:31:10]}
Ba5 {[%clk 1:25:29]} 12. a3 {[%clk 1:22:14]} b5 {[%clk 1:17:36]} 13. Qd3 {[%clk
1:15:55]} Bb7 {[%clk 1:14:35]} 14. Re1 {[%clk 1:13:36]} Ne7 {[%clk 1:06:47]} 15.
Ne5 {[%clk 1:08:17]} Nf5 {[%clk 1:00:22]} 16. Qxf5 {[%clk 0:43:52]} exf5 {[%clk
0:58:30]} 17. Nc6+ {[%clk 0:44:19]} Ne4 {[%clk 0:58:17]} 18. Nxd8 {[%clk
0:39:07]} Kxd8 {[%clk 0:58:35]} 19. b4 {[%clk 0:31:17]} Nxc3 {[%clk 0:53:39]} 20.
bxa5 {[%clk 0:31:38]} Be4 {[%clk 0:52:51]} 21. Bb3 {[%clk 0:29:33]} Bd5 {[%clk
0:40:23]} 22. Bxd5 {[%clk 0:29:05]} Nxd5 {[%clk 0:40:28]} 23. Re5 {[%clk
0:29:27]} Ne7 {[%clk 0:40:52]} 24. Bd2 {[%clk 0:25:28]} f6 {[%clk 0:37:36]} 25.
Re6 {[%clk 0:22:12]} Kd7 {[%clk 0:36:51]} 26. Rae1 {[%clk 0:22:37]} Nd5 {[%clk
0:35:23]} 27. Bb4 {[%clk 0:22:49]} Nxb4 {[%clk 0:34:47]} 28. Re7+ {[%clk
0:23:16]} Kd6 {[%clk 0:34:20]} 29. axb4 {[%clk 0:23:38]} Rhg8 {[%clk 0:32:56]}
30. Kf1 {[%clk 0:17:57]} Kd5 {[%clk 0:30:16]} 31. Rc1 {[%clk 0:17:10]} Rac8
{[%clk 0:26:10]} 32. Rd7+ {[%clk 0:16:31]} Ke6 {[%clk 0:26:21]} 33. Rxc8 {[%clk
0:10:57]} Rxc8 {[%clk 0:26:43]} 34. Rxg7 {[%clk 0:11:24]} Rc4 {[%clk 0:23:25]}
35. Ra7 {[%clk 0:11:19]} Rxb4 {[%clk 0:17:17]} 36. Rxa6+ {[%clk 0:11:43]} Kd5
{[%clk 0:17:20]} 37. Rxf6 {[%clk 0:10:15]} Ra4 {[%clk 0:16:47]} 38. Rxf5+ {[%clk
0:09:17]} Kc4 {[%clk 0:17:07]} 39. Rc5+ {[%clk 0:03:28]} Kb4 {[%clk 0:17:24]} 40.
Ke2 {[%clk 0:31:50]} Rxa5 {[%clk 0:47:26]} 41. f4 {[%clk 0:28:20]} Ra2+ {[%clk
0:46:53]} 42. Kf3 {[%clk 0:28:45]} Ra3+ {[%clk 0:46:14]} 43. Ke4 {[%clk 0:28:18]}
Ra2 {[%clk 0:46:34]} 44. f5 {[%clk 0:27:25]} Rf2 {[%clk 0:46:24]} 45. g4 {[%clk
0:24:20]} Ka4 {[%clk 0:46:19]} 46. h4 {[%clk 0:19:32]} b4 {[%clk 0:45:40]} 47. g5
{[%clk 0:18:30]} hxg5 {[%clk 0:44:04]} 48. hxg5 {[%clk 0:18:57]} b3 {[%clk
0:44:27]} 49. Rc8 {[%clk 0:18:56]} Kb4 {[%clk 0:43:28]} 50. g6 {[%clk 0:18:03]}
Rg2 {[%clk 0:43:39]} 51. d5 {[%clk 0:17:10]} b2 {[%clk 0:42:16]} 52. Rb8+ {[%clk
0:17:38]} Kc4 {[%clk 0:42:25]} 53. Rxb2 {[%clk 0:10:11]} Rxb2 {[%clk 0:42:50]}
54. g7 {[%clk 0:10:39]} Rg2 {[%clk 0:42:17]} 55. f6 {[%clk 0:10:58]} Rg6 {[%clk
0:40:44]} 56. Kf5 {[%clk 0:10:49]} Rg1 {[%clk 0:40:56]} 57. d6 {[%clk 0:10:46]}
1-0

[Event "European Women's Championship"]
[Site "Vysoke Tatry"]
[Date "2018.04.11"]
[Round "4"]
[White "Kursova, Maria"]
[Black "Sucikova, Svetlana"]
[Result "1-0"]
[Board "58"]
[WhiteElo "2278"]
[WhiteTitle "WGM"]
[WhiteCountry "ARM"]
[WhiteFideId "4129709"]
[WhiteEloChange "5"]
[BlackElo "2107"]
[BlackTitle "WFM"]
[BlackCountry "SVK"]
[BlackFideId "14923653"]
[BlackEloChange "-5"]

1. d4 {[%clk 1:30:57]} d5 {[%clk 1:30:38]} 2. Nf3 {[%clk 1:31:16]} Nf6 {[%clk
1:30:04]} 3. c4 {[%clk 1:31:21]} dxc4 {[%clk 1:29:34]} 4. e3 {[%clk 1:31:31]} e6
{[%clk 1:29:46]} 5. Bxc4 {[%clk 1:31:38]} c5 {[%clk 1:29:06]} 6. O-O {[%clk
1:31:32]} a6 {[%clk 1:29:12]} 7. b3 {[%clk 1:31:40]} b5 {[%clk 1:22:27]} 8. Be2
{[%clk 1:31:16]} Bb7 {[%clk 1:22:49]} 9. Bb2 {[%clk 1:22:49]} Nbd7 {[%clk
1:22:04]} 10. Nbd2 {[%clk 1:21:04]} Be7 {[%clk 1:22:03]} 11. a4 {[%clk 1:20:13]}
b4 {[%clk 1:21:38]} 12. Rc1 {[%clk 1:16:45]} Rc8 {[%clk 1:18:37]} 13. Rc2 {[%clk
0:50:21]} O-O {[%clk 1:13:31]} 14. Qa1 {[%clk 0:48:52]} cxd4 {[%clk 1:13:28]} 15.
Rxc8 {[%clk 0:47:50]} Qxc8 {[%clk 1:13:49]} 16. Bxd4 {[%clk 0:44:29]} Qa8 {[%clk
1:09:44]} 17. Nc4 {[%clk 0:41:31]} Rd8 {[%clk 1:03:23]} 18. Rc1 {[%clk 0:38:27]}
Bd5 {[%clk 1:01:01]} 19. a5 {[%clk 0:28:35]} Qb7 {[%clk 0:58:08]} 20. Ne1 {[%clk
0:22:24]} Bc5 {[%clk 0:35:41]} 21. Nb6 {[%clk 0:18:24]} Bxd4 {[%clk 0:33:49]} 22.
Qxd4 {[%clk 0:17:59]} Bxb3 {[%clk 0:26:26]} 23. Qxb4 {[%clk 0:17:43]} Ba2 {[%clk
0:19:47]} 24. Ra1 {[%clk 0:13:21]} Bd5 {[%clk 0:17:26]} 25. Nxd5 {[%clk 0:13:45]}
Qxd5 {[%clk 0:17:52]} 26. Bxa6 {[%clk 0:14:03]} Rb8 {[%clk 0:17:45]} 27. Qd4
{[%clk 0:13:16]} Qxd4 {[%clk 0:15:09]} 28. exd4 {[%clk 0:13:43]} Nd5 {[%clk
0:13:21]} 29. g3 {[%clk 0:06:49]} Nb4 {[%clk 0:12:27]} 30. Bc4 {[%clk 0:06:50]}
Ra8 {[%clk 0:11:20]} 31. Ra4 {[%clk 0:04:00]} Nc6 {[%clk 0:09:09]} 32. Bb5 {[%clk
0:02:24]} Ndb8 {[%clk 0:09:10]} 33. a6 {[%clk 0:02:31]} Kf8 {[%clk 0:08:06]} 34.
Nf3 {[%clk 0:01:38]} Ke7 {[%clk 0:06:27]} 35. Ne5 {[%clk 0:01:56]} Nxe5 {[%clk
0:03:15]} 36. dxe5 {[%clk 0:02:25]} Ra7 {[%clk 0:03:39]} 37. Rd4 {[%clk 0:00:53]}
Rc7 {[%clk 0:03:16]} 38. Rd6 {[%clk 0:01:13]} Ra7 {[%clk 0:01:45]} 39. Kg2 {[%clk
0:01:01]} g5 {[%clk 0:02:04]} 40. Kf3 {[%clk 0:30:56]} f6 {[%clk 0:32:23]} 41.
Rb6 {[%clk 0:29:30]} 1-0

[Event "European Women's Championship"]
[Site "Vysoke Tatry"]
[Date "2018.04.11"]
[Round "4"]
[White "Hapala, Elisabeth"]
[Black "Paramzina, Anastasya"]
[Result "0-1"]
[Board "59"]
[WhiteElo "2091"]
[WhiteTitle "WFM"]
[WhiteCountry "AUT"]
[WhiteFideId "1622080"]
[WhiteEloChange "-5"]
[BlackElo "2271"]
[BlackTitle "WGM"]
[BlackCountry "RUS"]
[BlackFideId "4165012"]
[BlackEloChange "5"]

1. e4 {[%clk 1:30:58]} c5 {[%clk 1:30:54]} 2. Nf3 {[%clk 1:31:24]} d6 {[%clk
1:31:16]} 3. d4 {[%clk 1:31:50]} cxd4 {[%clk 1:31:43]} 4. Nxd4 {[%clk 1:32:16]}
Nf6 {[%clk 1:32:09]} 5. Nc3 {[%clk 1:32:41]} a6 {[%clk 1:32:35]} 6. Be3 {[%clk
1:33:07]} e6 {[%clk 1:32:59]} 7. g4 {[%clk 1:33:19]} h6 {[%clk 1:30:21]} 8. Bg2
{[%clk 1:33:10]} Nc6 {[%clk 1:25:30]} 9. h3 {[%clk 1:33:02]} Ne5 {[%clk 1:25:28]}
10. Qe2 {[%clk 1:33:14]} g5 {[%clk 1:22:56]} 11. O-O-O {[%clk 1:33:24]} Bg7
{[%clk 1:22:43]} 12. f4 {[%clk 1:22:14]} gxf4 {[%clk 1:22:03]} 13. Bxf4 {[%clk
1:22:38]} Nfd7 {[%clk 1:20:13]} 14. Kb1 {[%clk 1:10:07]} b5 {[%clk 1:19:53]} 15.
h4 {[%clk 1:04:11]} Bb7 {[%clk 1:14:59]} 16. g5 {[%clk 0:57:10]} b4 {[%clk
1:00:18]} 17. Na4 {[%clk 0:54:27]} Qa5 {[%clk 0:38:46]} 18. b3 {[%clk 0:31:33]}
hxg5 {[%clk 0:37:46]} 19. Bxg5 {[%clk 0:23:55]} Rc8 {[%clk 0:27:14]} 20. Nb2
{[%clk 0:14:04]} Qc5 {[%clk 0:22:38]} 21. Na4 {[%clk 0:12:26]} Qa5 {[%clk
0:16:36]} 22. Nb2 {[%clk 0:04:32]} Qc5 {[%clk 0:16:01]} 23. Bh3 {[%clk 0:04:30]}
Nc6 {[%clk 0:13:08]} 24. Nxc6 {[%clk 0:01:57]} Qc3 {[%clk 0:11:31]} 25. Nd4
{[%clk 0:00:35]} Bxd4 {[%clk 0:10:32]} 26. Rxd4 {[%clk 0:01:00]} Qxd4 {[%clk
0:10:49]} 27. Nc4 {[%clk 0:01:18]} Rxc4 {[%clk 0:08:55]} 28. Qxc4 {[%clk
0:00:46]} Qxc4 {[%clk 0:09:17]} 29. bxc4 {[%clk 0:01:15]} Bxe4 {[%clk 0:06:00]}
30. Re1 {[%clk 0:01:42]} Nc5 {[%clk 0:04:50]} 31. Kb2 {[%clk 0:00:42]} f5 {[%clk
0:03:31]} 32. Rg1 {[%clk 0:00:33]} Kf7 {[%clk 0:03:39]} 33. c3 {[%clk 0:00:36]}
Rb8 {[%clk 0:03:34]} 34. cxb4 {[%clk 0:00:50]} Rxb4+ {[%clk 0:03:54]} 35. Kc3
{[%clk 0:01:16]} Ra4 {[%clk 0:04:19]} 36. Bg2 {[%clk 0:00:36]} Ra3+ {[%clk
0:03:35]} 37. Kb2 {[%clk 0:00:33]} Rg3 {[%clk 0:03:52]} 38. Bf4 {[%clk 0:00:31]}
Nd3+ {[%clk 0:04:03]} 0-1

[Event "European Women's Championship"]
[Site "Vysoke Tatry"]
[Date "2018.04.11"]
[Round "4"]
[White "Manakova, Maria"]
[Black "Trippold, Denise"]
[Result "1-0"]
[Board "60"]
[WhiteElo "2268"]
[WhiteTitle "WGM"]
[WhiteCountry "SRB"]
[WhiteFideId "927007"]
[WhiteEloChange "5"]
[BlackElo "2067"]
[BlackTitle "WFM"]
[BlackCountry "AUT"]
[BlackFideId "1625594"]
[BlackEloChange "-5"]

1. d4 {[%clk 1:28:00]} d5 {[%clk 1:30:52]} 2. Nf3 {[%clk 1:27:01]} Nf6 {[%clk
1:30:15]} 3. Bf4 {[%clk 1:25:25]} e6 {[%clk 1:29:43]} 4. e3 {[%clk 1:25:06]} c5
{[%clk 1:29:21]} 5. c3 {[%clk 1:24:39]} Nc6 {[%clk 1:29:12]} 6. Bd3 {[%clk
1:24:03]} cxd4 {[%clk 1:24:55]} 7. exd4 {[%clk 1:23:10]} Nh5 {[%clk 1:20:45]} 8.
Bg5 {[%clk 1:11:36]} f6 {[%clk 0:59:33]} 9. Be3 {[%clk 1:07:18]} g6 {[%clk
0:54:04]} 10. O-O {[%clk 0:46:56]} Bd6 {[%clk 0:53:59]} 11. Bh6 {[%clk 0:44:05]}
Kf7 {[%clk 0:50:04]} 12. Re1 {[%clk 0:41:58]} Bd7 {[%clk 0:47:39]} 13. c4 {[%clk
0:37:15]} Ne7 {[%clk 0:36:22]} 14. Nc3 {[%clk 0:34:24]} Nf4 {[%clk 0:31:10]} 15.
cxd5 {[%clk 0:22:13]} Nexd5 {[%clk 0:27:31]} 16. Bxf4 {[%clk 0:19:58]} Bxf4
{[%clk 0:24:36]} 17. Nxd5 {[%clk 0:19:58]} exd5 {[%clk 0:24:59]} 18. Qb3 {[%clk
0:20:03]} Bc6 {[%clk 0:24:02]} 19. g3 {[%clk 0:17:40]} Bh6 {[%clk 0:20:55]} 20.
Nh4 {[%clk 0:17:05]} Qd7 {[%clk 0:19:45]} 21. Qc2 {[%clk 0:16:47]} Rhg8 {[%clk
0:17:36]} 22. Re2 {[%clk 0:14:20]} Rac8 {[%clk 0:16:00]} 23. Rae1 {[%clk
0:14:21]} Bf8 {[%clk 0:16:19]} 24. a3 {[%clk 0:12:40]} Ba4 {[%clk 0:11:31]} 25.
Qd2 {[%clk 0:13:05]} Qc7 {[%clk 0:11:13]} 26. Ng2 {[%clk 0:12:18]} Kg7 {[%clk
0:10:13]} 27. Nf4 {[%clk 0:12:10]} Bd7 {[%clk 0:05:46]} 28. Nxd5 {[%clk 0:10:52]}
Qd6 {[%clk 0:06:15]} 29. Re7+ {[%clk 0:05:04]} Kh8 {[%clk 0:06:29]} 30. Rxd7
{[%clk 0:04:23]} Qxd7 {[%clk 0:06:58]} 31. Nxf6 {[%clk 0:04:48]} Qxd4 {[%clk
0:07:11]} 32. Nxg8 {[%clk 0:05:04]} Kxg8 {[%clk 0:07:38]} 33. Qe2 {[%clk
0:04:27]} Rd8 {[%clk 0:04:45]} 34. Bc4+ {[%clk 0:04:25]} Kh8 {[%clk 0:04:30]} 35.
b4 {[%clk 0:02:47]} Bg7 {[%clk 0:03:53]} 36. Bb3 {[%clk 0:02:11]} Qc3 {[%clk
0:02:16]} 37. Qe3 {[%clk 0:01:06]} Qxe3 {[%clk 0:01:49]} 38. Rxe3 {[%clk
0:01:35]} Bf6 {[%clk 0:02:07]} 39. Kg2 {[%clk 0:01:41]} Kg7 {[%clk 0:01:06]} 40.
h4 {[%clk 0:31:40]} b6 {[%clk 0:30:46]} 41. Bc4 {[%clk 0:29:32]} a5 {[%clk
0:24:51]} 42. bxa5 {[%clk 0:25:40]} bxa5 {[%clk 0:25:20]} 43. Rb3 {[%clk
0:25:54]} Rd7 {[%clk 0:22:48]} 44. Rb5 {[%clk 0:24:33]} Bc3 {[%clk 0:18:30]} 45.
Bd5 {[%clk 0:22:41]} Bd2 {[%clk 0:17:31]} 46. Be6 {[%clk 0:19:02]} Re7 {[%clk
0:17:04]} 47. Bb3 {[%clk 0:19:18]} Bc3 {[%clk 0:15:51]} 48. g4 {[%clk 0:18:04]}
h6 {[%clk 0:11:02]} 49. Rc5 {[%clk 0:17:50]} Bd2 {[%clk 0:11:03]} 50. Rc6 {[%clk
0:17:25]} g5 {[%clk 0:08:08]} 51. h5 {[%clk 0:17:20]} Bf4 {[%clk 0:08:33]} 52.
Rg6+ {[%clk 0:16:39]} Kh7 {[%clk 0:08:54]} 53. Bg8+ {[%clk 0:16:16]} Kh8 {[%clk
0:09:11]} 54. Be6 {[%clk 0:15:32]} Be5 {[%clk 0:03:22]} 55. Bf5 {[%clk 0:13:10]}
Bb2 {[%clk 0:00:37]} 56. a4 {[%clk 0:12:18]} Bc3 {[%clk 0:00:44]} 57. Rxh6+
{[%clk 0:12:31]} Kg8 {[%clk 0:01:13]} 58. Rg6+ {[%clk 0:11:56]} Rg7 {[%clk
0:01:37]} 59. Rc6 {[%clk 0:11:53]} Bb4 {[%clk 0:01:35]} 60. Rc8+ {[%clk 0:11:29]}
Kf7 {[%clk 0:00:37]} 61. h6 {[%clk 0:11:45]} Rg8 {[%clk 0:00:47]} 62. Be6+ {[%clk
0:12:10]} 1-0

[Event "European Women's Championship"]
[Site "Vysoke Tatry"]
[Date "2018.04.11"]
[Round "4"]
[White "Kejzar, Petra"]
[Black "Novosadova, Kristyna"]
[Result "0-1"]
[Board "61"]
[WhiteElo "2071"]
[WhiteCountry "SLO"]
[WhiteFideId "14610213"]
[WhiteEloChange "-5"]
[BlackElo "2240"]
[BlackCountry "CZE"]
[BlackFideId "328065"]
[BlackEloChange "5"]

1. g3 {[%clk 1:30:56]} e5 {[%clk 1:30:42]} 2. Bg2 {[%clk 1:31:20]} Nf6 {[%clk
1:30:15]} 3. c4 {[%clk 1:31:37]} Nc6 {[%clk 1:23:59]} 4. Nc3 {[%clk 1:31:28]} Bb4
{[%clk 1:23:28]} 5. Nf3 {[%clk 1:27:52]} Bxc3 {[%clk 1:21:17]} 6. bxc3 {[%clk
1:21:21]} O-O {[%clk 1:19:55]} 7. O-O {[%clk 1:19:33]} Re8 {[%clk 1:17:54]} 8.
Qc2 {[%clk 1:15:57]} d6 {[%clk 1:13:07]} 9. e4 {[%clk 1:07:45]} Bg4 {[%clk
1:09:07]} 10. h3 {[%clk 1:06:54]} Be6 {[%clk 1:03:22]} 11. d3 {[%clk 1:04:05]}
Qc8 {[%clk 1:02:42]} 12. Kh2 {[%clk 1:04:12]} b6 {[%clk 1:02:18]} 13. Ng5 {[%clk
1:00:34]} Bd7 {[%clk 0:59:20]} 14. f4 {[%clk 1:00:16]} Na5 {[%clk 0:54:28]} 15.
fxe5 {[%clk 0:58:33]} dxe5 {[%clk 0:54:17]} 16. d4 {[%clk 0:47:47]} Nxc4 {[%clk
0:43:44]} 17. Qb3 {[%clk 0:47:13]} Qa6 {[%clk 0:41:17]} 18. Nxf7 {[%clk 0:40:20]}
Kxf7 {[%clk 0:40:51]} 19. dxe5 {[%clk 0:40:19]} Ba4 {[%clk 0:28:35]} 20. Qb1
{[%clk 0:30:54]} Nxe5 {[%clk 0:28:29]} 21. Bg5 {[%clk 0:30:32]} Rad8 {[%clk
0:24:52]} 22. Qc1 {[%clk 0:30:10]} Nd7 {[%clk 0:20:39]} 23. Qf4 {[%clk 0:28:55]}
Re5 {[%clk 0:11:54]} 24. Bxf6 {[%clk 0:24:39]} gxf6 {[%clk 0:12:22]} 25. Qh6
{[%clk 0:24:43]} Kg8 {[%clk 0:11:04]} 26. Rf4 {[%clk 0:24:20]} Rg5 {[%clk
0:09:05]} 27. Rxf6 {[%clk 0:23:50]} Rg7 {[%clk 0:08:09]} 28. Rf5 {[%clk 0:21:14]}
Rg6 {[%clk 0:05:42]} 29. Qh4 {[%clk 0:20:24]} Re8 {[%clk 0:05:15]} 30. Raf1
{[%clk 0:19:14]} Qc4 {[%clk 0:04:46]} 31. R1f4 {[%clk 0:14:41]} Ne5 {[%clk
0:04:22]} 32. Qh5 {[%clk 0:11:32]} Qe6 {[%clk 0:04:24]} 33. Rh4 {[%clk 0:09:59]}
Rg7 {[%clk 0:04:13]} 34. Rhf4 {[%clk 0:01:11]} Qg6 {[%clk 0:03:29]} 35. Qh4
{[%clk 0:01:02]} Bd7 {[%clk 0:03:19]} 36. Rf6 {[%clk 0:00:38]} Qg5 {[%clk
0:03:33]} 37. Qxg5 {[%clk 0:00:45]} Rxg5 {[%clk 0:04:02]} 38. Bf1 {[%clk
0:00:36]} Kg7 {[%clk 0:04:11]} 39. g4 {[%clk 0:00:35]} Bxg4 {[%clk 0:04:13]} 40.
hxg4 {[%clk 0:30:38]} Nxg4+ {[%clk 0:34:30]} 41. Rxg4 {[%clk 0:30:39]} Kxf6
{[%clk 0:30:52]} 42. Rh4 {[%clk 0:30:41]} Ree5 {[%clk 0:28:25]} 43. Rxh7 {[%clk
0:30:22]} Rh5+ {[%clk 0:28:49]} 44. Rxh5 {[%clk 0:30:48]} Rxh5+ {[%clk 0:29:14]}
45. Kg3 {[%clk 0:31:11]} Ra5 {[%clk 0:29:27]} 46. Kf4 {[%clk 0:31:23]} Rxa2
{[%clk 0:29:42]} 47. e5+ {[%clk 0:31:23]} Ke7 {[%clk 0:30:06]} 48. Ke4 {[%clk
0:31:25]} a5 {[%clk 0:28:48]} 49. Kd5 {[%clk 0:30:36]} a4 {[%clk 0:29:00]} 0-1

[Event "European Women's Championship"]
[Site "Vysoke Tatry"]
[Date "2018.04.11"]
[Round "4"]
[White "Caglar, Sila"]
[Black "Gevorgyan, Maria"]
[Result "1/2-1/2"]
[Board "63"]
[WhiteElo "2077"]
[WhiteTitle "WFM"]
[WhiteCountry "TUR"]
[WhiteFideId "6364063"]
[WhiteEloChange "4"]
[BlackElo "2226"]
[BlackTitle "WIM"]
[BlackCountry "ARM"]
[BlackFideId "13300270"]
[BlackEloChange "-4"]

1. e4 {[%clk 1:30:58]} c5 {[%clk 1:30:55]} 2. Nf3 {[%clk 1:31:22]} e6 {[%clk
1:31:19]} 3. d4 {[%clk 1:31:48]} cxd4 {[%clk 1:31:45]} 4. Nxd4 {[%clk 1:32:14]}
a6 {[%clk 1:32:11]} 5. Nc3 {[%clk 1:32:31]} b5 {[%clk 1:32:30]} 6. Bd3 {[%clk
1:32:26]} Qb6 {[%clk 1:31:36]} 7. Nf3 {[%clk 1:29:48]} Bb7 {[%clk 1:31:03]} 8. a4
{[%clk 1:25:17]} b4 {[%clk 1:26:03]} 9. a5 {[%clk 1:24:53]} Qc7 {[%clk 1:26:22]}
10. Na4 {[%clk 1:24:35]} Nc6 {[%clk 1:22:26]} 11. Be3 {[%clk 1:23:23]} Nf6 {[%clk
1:21:25]} 12. O-O {[%clk 1:17:13]} d5 {[%clk 1:18:14]} 13. Bb6 {[%clk 1:13:24]}
Qf4 {[%clk 1:15:48]} 14. exd5 {[%clk 1:07:36]} Nxd5 {[%clk 1:16:13]} 15. Nc5
{[%clk 1:05:50]} Nxb6 {[%clk 1:15:48]} 16. Nxb7 {[%clk 1:05:14]} Nd7 {[%clk
1:09:43]} 17. Re1 {[%clk 0:52:46]} Qc7 {[%clk 0:54:24]} 18. Ng5 {[%clk 0:50:28]}
Qxb7 {[%clk 0:53:59]} 19. Qf3 {[%clk 0:44:06]} Ndb8 {[%clk 0:24:51]} 20. Nxe6
{[%clk 0:38:02]} fxe6 {[%clk 0:25:17]} 21. Rxe6+ {[%clk 0:37:51]} Be7 {[%clk
0:25:45]} 22. Rae1 {[%clk 0:37:22]} Ra7 {[%clk 0:26:10]} 23. Be4 {[%clk 0:29:58]}
Qb5 {[%clk 0:17:36]} 24. Rxc6 {[%clk 0:26:27]} Kd8 {[%clk 0:18:05]} 25. Rb6
{[%clk 0:24:07]} Qe5 {[%clk 0:18:31]} 26. Rd1+ {[%clk 0:23:00]} Rd7 {[%clk
0:17:15]} 27. Rxd7+ {[%clk 0:18:47]} Kxd7 {[%clk 0:11:23]} 28. Qg4+ {[%clk
0:07:09]} Kd8 {[%clk 0:11:30]} 29. g3 {[%clk 0:04:03]} Rf8 {[%clk 0:08:34]} 30.
Qd1+ {[%clk 0:02:57]} Nd7 {[%clk 0:07:17]} 31. Bc6 {[%clk 0:01:29]} Bd6 {[%clk
0:07:45]} 32. Rxa6 {[%clk 0:01:14]} Nb8 {[%clk 0:03:18]} 33. Ra8 {[%clk 0:01:06]}
Kc7 {[%clk 0:03:48]} 34. Bf3 {[%clk 0:00:47]} Bc5 {[%clk 0:04:17]} 35. Kg2 {[%clk
0:00:34]} Rd8 {[%clk 0:03:57]} 36. Qc1 {[%clk 0:00:31]} Qd4 {[%clk 0:03:54]} 37.
Qe1 {[%clk 0:00:32]} Rf8 {[%clk 0:02:54]} 38. a6 {[%clk 0:00:39]} Rf6 {[%clk
0:02:05]} 39. Qe2 {[%clk 0:00:41]} Rxa6 {[%clk 0:01:44]} 40. c3 {[%clk 0:30:31]}
bxc3 {[%clk 0:30:56]} 41. bxc3 {[%clk 0:27:57]} Qf6 {[%clk 0:24:03]} 42. Rxa6
{[%clk 0:25:28]} Nxa6 {[%clk 0:24:31]} 43. Qe4 {[%clk 0:25:01]} h6 {[%clk
0:24:52]} 44. Qb7+ {[%clk 0:24:32]} Kd8 {[%clk 0:24:45]} 45. Qa8+ {[%clk
0:23:59]} Kd7 {[%clk 0:25:13]} 46. Qd5+ {[%clk 0:23:22]} Qd6 {[%clk 0:22:43]} 47.
Qf7+ {[%clk 0:21:35]} Kd8 {[%clk 0:19:56]} 48. Qxg7 {[%clk 0:21:17]} Nb8 {[%clk
0:19:54]} 49. Qh8+ {[%clk 0:18:13]} Kc7 {[%clk 0:20:20]} 50. Qg7+ {[%clk
0:18:25]} Kb6 {[%clk 0:10:18]} 51. Qb7+ {[%clk 0:17:52]} Ka5 {[%clk 0:10:47]} 52.
c4 {[%clk 0:17:29]} Bb6 {[%clk 0:09:42]} 53. Qd5+ {[%clk 0:15:45]} Qxd5 {[%clk
0:10:03]} 54. cxd5 {[%clk 0:15:55]} Kb5 {[%clk 0:09:26]} 55. g4 {[%clk 0:15:22]}
Nd7 {[%clk 0:07:56]} 56. h4 {[%clk 0:15:25]} Ne5 {[%clk 0:07:54]} 57. g5 {[%clk
0:14:03]} hxg5 {[%clk 0:08:17]} 58. hxg5 {[%clk 0:14:32]} Bd8 {[%clk 0:08:08]}
59. Be2+ {[%clk 0:14:13]} Kc5 {[%clk 0:08:34]} 60. f4 {[%clk 0:14:37]} Ng6 {[%clk
0:08:55]} 1/2-1/2

[Event "European Women's Championship"]
[Site "Vysoke Tatry"]
[Date "2018.04.11"]
[Round "4"]
[White "Ozbay, Ece"]
[Black "Chan, Naruna"]
[Result "0-1"]
[Board "64"]
[WhiteElo "2216"]
[WhiteTitle "WFM"]
[WhiteCountry "TUR"]
[WhiteFideId "6351743"]
[WhiteEloChange "-17"]
[BlackElo "1909"]
[BlackCountry "RUS"]
[BlackFideId "24124290"]
[BlackEloChange "17"]

1. e4 {[%clk 1:30:57]} c5 {[%clk 1:30:54]} 2. Nf3 {[%clk 1:31:16]} Nc6 {[%clk
1:31:18]} 3. Bb5 {[%clk 1:31:31]} e6 {[%clk 1:30:43]} 4. O-O {[%clk 1:31:36]}
Nge7 {[%clk 1:31:08]} 5. Re1 {[%clk 1:30:31]} a6 {[%clk 1:31:20]} 6. Bf1 {[%clk
1:30:59]} d5 {[%clk 1:30:53]} 7. exd5 {[%clk 1:29:33]} Nxd5 {[%clk 1:31:13]} 8.
d4 {[%clk 1:29:58]} Nf6 {[%clk 1:31:31]} 9. Be3 {[%clk 1:28:22]} Be7 {[%clk
1:30:07]} 10. Nc3 {[%clk 1:26:15]} cxd4 {[%clk 1:21:39]} 11. Nxd4 {[%clk
1:26:12]} Qc7 {[%clk 1:21:33]} 12. Qf3 {[%clk 1:19:30]} Bd7 {[%clk 1:14:39]} 13.
Rad1 {[%clk 1:16:37]} O-O {[%clk 1:08:22]} 14. Nxc6 {[%clk 1:08:01]} Bxc6 {[%clk
1:08:23]} 15. Qh3 {[%clk 1:08:27]} Rfd8 {[%clk 0:53:56]} 16. Bd3 {[%clk 1:03:48]}
Qa5 {[%clk 0:50:13]} 17. f4 {[%clk 0:53:54]} Qh5 {[%clk 0:44:07]} 18. Qxh5 {[%clk
0:51:26]} Nxh5 {[%clk 0:44:35]} 19. g4 {[%clk 0:23:36]} Nf6 {[%clk 0:44:57]} 20.
Bb6 {[%clk 0:23:58]} Re8 {[%clk 0:38:36]} 21. g5 {[%clk 0:16:24]} Nd7 {[%clk
0:22:44]} 22. Bf2 {[%clk 0:15:16]} Bc5 {[%clk 0:20:43]} 23. Be4 {[%clk 0:14:35]}
Bxf2+ {[%clk 0:17:04]} 24. Kxf2 {[%clk 0:15:02]} Bxe4 {[%clk 0:12:12]} 25. Rxe4
{[%clk 0:13:11]} Nf8 {[%clk 0:11:24]} 26. Na4 {[%clk 0:08:55]} Rac8 {[%clk
0:11:27]} 27. c3 {[%clk 0:08:52]} Rc6 {[%clk 0:11:17]} 28. b4 {[%clk 0:08:59]} f6
{[%clk 0:06:17]} 29. gxf6 {[%clk 0:04:56]} gxf6 {[%clk 0:06:44]} 30. h4 {[%clk
0:04:45]} h5 {[%clk 0:04:17]} 31. Rd3 {[%clk 0:01:01]} Kf7 {[%clk 0:04:27]} 32.
Ke2 {[%clk 0:00:40]} Ng6 {[%clk 0:02:45]} 33. Ke1 {[%clk 0:00:33]} Nxh4 {[%clk
0:02:54]} 34. Rh3 {[%clk 0:00:53]} Nf5 {[%clk 0:03:12]} 35. Re2 {[%clk 0:00:38]}
h4 {[%clk 0:02:58]} 36. Kd2 {[%clk 0:00:54]} Rd8+ {[%clk 0:03:17]} 37. Rd3 {[%clk
0:00:38]} Rcd6 {[%clk 0:03:27]} 38. Rxd6 {[%clk 0:00:54]} Rxd6+ {[%clk 0:01:46]}
39. Kc2 {[%clk 0:00:36]} a5 {[%clk 0:00:58]} 40. Nc5 {[%clk 0:00:36]} axb4 {[%clk
0:31:09]} 41. Kb2 {[%clk 0:28:39]} bxc3+ {[%clk 0:31:13]} 42. Kxc3 {[%clk
0:29:03]} b6 {[%clk 0:26:06]} 43. Ne4 {[%clk 0:25:00]} Rd1 {[%clk 0:16:56]} 44.
Rh2 {[%clk 0:21:30]} Rf1 {[%clk 0:16:49]} 45. Nf2 {[%clk 0:21:38]} Ng3 {[%clk
0:15:37]} 46. Kc4 {[%clk 0:20:30]} Nf5 {[%clk 0:14:45]} 47. Kb5 {[%clk 0:20:25]}
Rb1+ {[%clk 0:15:11]} 48. Ka6 {[%clk 0:20:19]} Rb2 {[%clk 0:14:59]} 49. a4 {[%clk
0:20:26]} Nd6 {[%clk 0:15:03]} 50. Ng4 {[%clk 0:20:16]} Rxh2 {[%clk 0:12:19]} 51.
Nxh2 {[%clk 0:20:43]} Nc4 {[%clk 0:12:44]} 52. Kb5 {[%clk 0:19:59]} Nb2 {[%clk
0:13:12]} 53. Kxb6 {[%clk 0:19:44]} Nxa4+ {[%clk 0:13:37]} 54. Kb5 {[%clk
0:20:07]} Nb2 {[%clk 0:11:24]} 55. Nf3 {[%clk 0:18:25]} h3 {[%clk 0:11:38]} 56.
Kc6 {[%clk 0:17:40]} Kg6 {[%clk 0:10:10]} 57. Kd6 {[%clk 0:17:06]} Kf5 {[%clk
0:10:18]} 0-1